000
00338nam a22001457a 4500
020
_a
0-07-123151-X
041
_a
ENG
100
_a
Ramakrishnan Raghu
245
_a
Database Management Systems
250
_a
International Edition
260
_a
New Delhi
_b
McGraw Hill
_c
2003
300
_a
1065
650
_a
M.Tech
856
_u
M.Tech ( 7 )
999
_c
1014
_d
1014